000 00528cam a2200169 4500
999 _c4696
_d4696
008 041222r20041993enka j 001 0 eng
010 _a92045599
020 _a0753405091
050 _aQM27
_bA957 2001
082 0 4 _a500 AVI
_bW872
100 1 _aAvison, Brigid.
245 1 0 _aI wonder why my tummy rumbles and other questions about my body /
_cBrigid Avison.
260 _aLondon :
_bKingfisher ;
_aDambury, Conn. :
_bGrolier,
_c2004, c1993.
300 _a32 p. :
_bcol. ill. ;
_c29 cm.
500 _aIncludes index.
942 _2ddc